[Event "SRB-chT 1st League CS"]
[Site "Bajina Basta"]
[Date "2021.09.29"]
[Round "5.6"]
[White "Dimitrijevic, Ivan"]
[Black "Djordjevic, Dejan N"]
[Result "1-0"]
[WhiteElo "2069"]
[BlackElo "2144"]
[PlyCount "121"]
[EventDate "2021.09.26"]
[EventType "team-tourn"]
[EventRounds "11"]
[EventCountry "SRB"]
[SourceTitle "EXT 2023"]
[Source "ChessBase"]
[SourceDate "2022.10.05"]
[SourceVersion "1"]
[SourceVersionDate "2022.10.05"]
[SourceQuality "1"]
[WhiteTeam "Cacak Borac"]
[BlackTeam "Nis Nais"]
[WhiteTeamCountry "SRB"]
[BlackTeamCountry "SRB"]

1. c4 Nf6 2. Nc3 d6 3. d4 g6 4. e4 Bg7 5. Be2 0-0 6. Nf3 Nbd7 7. 0-0 c6 8. h3 a6 9. a4 a5 10. Be3 Nb8 11. Qd2 Re8 12. Rad1 Na6 13. Bd3 e5 14. Bb1 Qc7 15. Rfe1 Be6 16. b3 Rad8 17. Ng5 Bc8 18. f4 exd4 19. Bxd4 Nh5 20. Ne2 Nc5 21. Qe3 Bxd4 22. Nxd4 f5 23. Qf3 h6 24. exf5 hxg5 25. fxg5 Rf8 26. f6 Nxf6 27. gxf6 Qf7 28. Rf1 Nd7 29. Qg3 Nxf6 30. Qxg6+ Qxg6 31. Bxg6 Kg7 32. Bf5 Kf7 33. Bxc8 Rxc8 34. Nf5 Rc7 35. Rxd6 Kg6 36. Ng3 Re7 37. Rf3 Re5 38. h4 Kg7 39. Rf5 Rxf5 40. Nxf5+ Kf7 41. g3 Ne4 42. Rd4 Nc5 43. Rf4 Rh8 44. Nd4+ Ke7 45. Kg2 Kd6 46. Rf5 Rg8 47. Kh3 Re8 48. h5 Re4 49. Rf4 Re1 50. g4 Re3+ 51. Rf3 Re1 52. h6 Ke5 53. Nf5 Ne4 54. Kh4 Rh1+ 55. Rh3 Rd1 56. Kh5 Kf6 57. Rf3 Ng5 58. Ne3+ Nxf3 59. Nxd1 Ng5 60. Nc3 Ne6 61. Ne4+ 1-0

[Event "SRB-ch sf"]
[Site "Paracin"]
[Date "2021.03.19"]
[Round "5"]
[White "Bjelanovic, Nemanja"]
[Black "Dimitrijevic, Ivan"]
[Result "0-1"]
[WhiteElo "1693"]
[BlackElo "2103"]
[PlyCount "68"]
[EventDate "2021.03.16"]
[EventType "swiss"]
[EventRounds "9"]
[EventCountry "SRB"]
[SourceTitle "CBM 201 Extra"]
[Source "ChessBase"]
[SourceDate "2021.05.31"]
[SourceVersion "1"]
[SourceVersionDate "2021.05.31"]
[SourceQuality "1"]

1. d4 d5 2. Nf3 c6 3. c3 e6 4. Bf4 Bd6 5. Bg3 Qc7 6. e3 Nd7 7. Nbd2 f5 8. c4 Ngf6 9. Bxd6 Qxd6 10. c5 Qe7 11. Qc2 e5 12. Nxe5 Nxe5 13. dxe5 Qxe5 14. Nf3 Qe7 15. Be2 0-0 16. 0-0 Bd7 17. Rac1 Rae8 18. Nd4 g6 19. b4 a6 20. a4 Ne4 21. Rfe1 Nxf2 22. Bxa6 Ng4 23. Bxb7 Nxe3 24. Qe2 Qf6 25. Qd2 f4 26. b5 Re4 27. Nxc6 Qg5 28. h4 Qxh4 29. Qf2 Qh5 30. Rxe3 fxe3 31. Qg3 Rh4 32. Ne7+ Kh8 33. Qxh4 Qxh4 34. Nxd5 e2 0-1

[Event "SRB-chT 2nd League West"]
[Site "Kragujevac"]
[Date "2019.10.05"]
[Round "10.6"]
[White "Dimitrijevic, Ivan"]
[Black "Despic, Dragan"]
[Result "0-1"]
[WhiteElo "2118"]
[BlackElo "1844"]
[PlyCount "104"]
[EventDate "2019.09.06"]
[EventType "team-tourn"]
[EventRounds "11"]
[EventCountry "SRB"]
[SourceTitle "EXT 2020"]
[Source "ChessBase"]
[SourceDate "2019.10.17"]
[SourceVersion "1"]
[SourceVersionDate "2019.10.17"]
[SourceQuality "1"]
[WhiteTeam "Cacak Borac"]
[BlackTeam "Loznica"]
[WhiteTeamCountry "SRB"]
[BlackTeamCountry "SRB"]

1. c4 c5 2. Nc3 Nc6 3. e4 g6 4. d3 Bg7 5. Be3 b6 6. f4 e6 7. Nf3 Bb7 8. Be2 d6 9. 0-0 Nge7 10. d4 cxd4 11. Nxd4 Nxd4 12. Bxd4 e5 13. Be3 0-0 14. f5 f6 15. Qd2 g5 16. Rad1 Nc8 17. Nb5 Bxe4 18. Nxd6 Nxd6 19. Qxd6 Qxd6 20. Rxd6 Rfd8 21. c5 Rxd6 22. cxd6 Rd8 23. Bc4+ Kf8 24. Rd1 Bxf5 25. a4 Bc2 26. Rf1 Rxd6 27. a5 Bd3 28. Bxd3 Rxd3 29. axb6 axb6 30. Bxb6 Rb3 31. Bc5+ Kf7 32. Ba3 Rb6 33. Rd1 f5 34. Rd7+ Kg6 35. Rd6+ Rxd6 36. Bxd6 e4 37. b4 Bd4+ 38. Kf1 Kf6 39. Bc7 Be5 40. Bd8+ Ke6 41. g3 h6 42. b5 Kd7 43. Ba5 Bd4 44. Bd2 Kc7 45. Ba5+ Kb7 46. Bd8 f4 47. h4 f3 48. hxg5 hxg5 49. Bxg5 e3 50. Bxe3 Bxe3 51. g4 Kc7 52. g5 Kd6 0-1

[Event "SRB-chT 2nd League West"]
[Site "Kragujevac"]
[Date "2019.09.08"]
[Round "4.6"]
[White "Cvijovic, Marko"]
[Black "Dimitrijevic, Ivan"]
[Result "0-1"]
[WhiteElo "1731"]
[BlackElo "2118"]
[PlyCount "76"]
[EventDate "2019.09.06"]
[EventType "team-tourn"]
[EventRounds "11"]
[EventCountry "SRB"]
[SourceTitle "EXT 2020"]
[Source "ChessBase"]
[SourceDate "2019.10.17"]
[SourceVersion "1"]
[SourceVersionDate "2019.10.17"]
[SourceQuality "1"]
[WhiteTeam "Uzice Sloboda"]
[BlackTeam "Cacak Borac"]
[WhiteTeamCountry "SRB"]
[BlackTeamCountry "SRB"]

1. d4 d5 2. c4 c6 3. Nf3 e6 4. g3 Bd6 5. Qb3 Nd7 6. Bg2 Ne7 7. 0-0 0-0 8. Nc3 f5 9. cxd5 exd5 10. e4 fxe4 11. Nxe4 Bc7 12. Neg5 Nf6 13. Re1 h6 14. Ne6 Bxe6 15. Rxe6 Rb8 16. Bd2 Nf5 17. Bb4 Bd6 18. Nh4 Nxd4 19. Rxd6 Nxb3 20. Rxd8 Nxa1 21. Rxf8+ Rxf8 22. Bxf8 Kxf8 23. Nf5 g6 24. Nd4 Ke7 25. Kf1 c5 26. Nf3 Nc2 27. Ke2 g5 28. a3 g4 29. Nd2 Kd6 30. h3 h5 31. f3 c4 32. fxg4 hxg4 33. hxg4 Nxg4 34. Nxc4+ dxc4 35. Bxb7 Nd4+ 36. Kd2 Kc5 37. Ba6 Nf6 38. Bb7 Ng4 0-1

[Event "SRB-chT 2nd League West"]
[Site "Kragujevac"]
[Date "2019.09.07"]
[Round "2.6"]
[White "Jovic, Slavko"]
[Black "Dimitrijevic, Ivan"]
[Result "0-1"]
[WhiteElo "1972"]
[BlackElo "2118"]
[PlyCount "48"]
[EventDate "2019.09.06"]
[EventType "team-tourn"]
[EventRounds "11"]
[EventCountry "SRB"]
[SourceTitle "EXT 2020"]
[Source "ChessBase"]
[SourceDate "2019.10.17"]
[SourceVersion "1"]
[SourceVersionDate "2019.10.17"]
[SourceQuality "1"]
[WhiteTeam "Ivanjica"]
[BlackTeam "Cacak Borac"]
[WhiteTeamCountry "SRB"]
[BlackTeamCountry "SRB"]

1. e4 c5 2. d4 cxd4 3. c3 dxc3 4. Nxc3 e6 5. Bc4 Nc6 6. Nf3 Bb4 7. 0-0 Nge7 8. Qe2 Ng6 9. Bb3 0-0 10. a3 Bxc3 11. bxc3 Qb6 12. Bc2 Qc5 13. Rb1 Qxc3 14. Rb3 Nd4 15. Nxd4 Qxd4 16. Bb2 Qc5 17. Rg3 e5 18. Kh1 d6 19. f4 exf4 20. Rxf4 Be6 21. Rf5 Bxf5 22. exf5 Rfe8 23. fxg6 hxg6 24. Qd2 Qxc2 0-1

[Event "SRB-chT2 West"]
[Site "Vrnjacka Banja"]
[Date "2013.10.13"]
[Round "6"]
[White "Dinov, Zoran"]
[Black "Dimitrijevic, Ivan"]
[Result "1/2-1/2"]
[WhiteElo "2222"]
[BlackElo "2116"]
[PlyCount "23"]
[EventDate "2013.10.10"]
[EventType "team-tourn"]
[EventRounds "8"]
[EventCountry "SRB"]
[SourceTitle "EXT 2014"]
[Source "ChessBase"]
[SourceDate "2013.11.20"]
[SourceVersion "1"]
[SourceVersionDate "2013.11.20"]
[SourceQuality "1"]

1. e4 c5 2. Nf3 Nc6 3. d4 cxd4 4. Nxd4 e5 5. Nb5 d6 6. N1c3 a6 7. Na3 Be6 8. Bc4 b5 9. Bd5 Rc8 10. Ne2 Nf6 11. c3 Be7 12. Nc2 1/2-1/2

[Event "SRB-chT Cup"]
[Site "Kragujevac"]
[Date "2012.05.16"]
[Round "3"]
[White "Skoko, Milan"]
[Black "Dimitrijevic, Ivan"]
[Result "1/2-1/2"]
[WhiteElo "2206"]
[BlackElo "2125"]
[PlyCount "190"]
[EventDate "2012.05.14"]
[EventType "team-swiss"]
[EventRounds "7"]
[EventCountry "SRB"]
[SourceTitle "CBM 148 Extra"]
[Source "ChessBase"]
[SourceDate "2012.06.22"]
[SourceVersion "1"]
[SourceVersionDate "2012.06.22"]
[SourceQuality "1"]
[WhiteTeam "Stara Pazova"]
[BlackTeam "Cacak Borac"]
[WhiteTeamCountry "SRB"]
[BlackTeamCountry "SRB"]

1. e4 c5 2. c3 e6 3. d4 d5 4. exd5 exd5 5. Be3 c4 6. b3 cxb3 7. axb3 Nc6 8. Bd3 Bd6 9. Qf3 Nge7 10. Nd2 0-0 11. Ne2 Be6 12. Bf4 Ng6 13. Bxd6 Qxd6 14. 0-0 f5 15. Qh5 Nce7 16. f4 a6 17. g3 Kh8 18. Nf3 Ng8 19. Ne5 N6e7 20. Qf3 Nf6 21. Qe3 Rae8 22. Rfc1 b5 23. Ra5 Bc8 24. Rca1 Qb6 25. R5a2 Nc6 26. h3 Re7 27. Kh2 Rfe8 28. Qg1 Kg8 29. b4 g6 30. Nc1 Nb8 31. Nb3 Nfd7 32. Nc5 Nxc5 33. bxc5 Qc7 34. Bf1 Bb7 35. Bg2 Rd8 36. Qb1 Kg7 37. Qd3 h6 38. h4 h5 39. Re1 Rde8 40. Bf3 Nd7 41. Rae2 Nf6 42. Qb1 Ne4 43. Qb3 Rd8 44. Ra1 Kf6 45. Rea2 Re6 46. Qb4 Kg7 47. Ra3 Nd2 48. Bg2 Nc4 49. R3a2 Nxe5 50. fxe5 Kf7 51. Qb2 Qe7 52. Rf1 Kg7 53. Qd2 Kh7 54. Bh3 Rf8 55. Qe3 Kg7 56. Qd3 Bc8 57. Raf2 Rc6 58. Qd2 Be6 59. Kg1 Rcc8 60. Bg2 Rf7 61. Qa2 Qb7 62. Ra1 Ra8 63. Rb1 Qc6 64. c4 Rd8 65. cxb5 axb5 66. Rfb2 Ra8 67. Qb3 Rb7 68. Ra2 Rxa2 69. Qxa2 b4 70. Kh2 Kf7 71. Qd2 b3 72. Qh6 b2 73. Qh7+ Ke8 74. Qxg6+ Kd7 75. Bh3 Kc7 76. Bxf5 Bxf5 77. Qxf5 Qa4 78. e6 Qxd4 79. e7 Qe3 80. Qf4+ Qxf4 81. gxf4 Rb8 82. e8Q Rxe8 83. Rxb2 Kc6 84. Rc2 Re4 85. Kg3 Rc4 86. Rf2 Kxc5 87. f5 Rg4+ 88. Kh3 d4 89. f6 Rg8 90. f7 Rf8 91. Kg2 Kc4 92. Kf1 d3 93. Ke1 Kc3 94. Rf6 Kd4 95. Kd2 Ke5 1/2-1/2

[Event "SRB-chT Cup"]
[Site "Kragujevac"]
[Date "2012.05.14"]
[Round "1"]
[White "Dimitrijevic, Ivan"]
[Black "Milanovic, Danilo"]
[Result "0-1"]
[WhiteElo "2125"]
[BlackElo "2532"]
[PlyCount "52"]
[EventDate "2012.05.14"]
[EventType "team-swiss"]
[EventRounds "7"]
[EventCountry "SRB"]
[SourceTitle "CBM 148 Extra"]
[Source "ChessBase"]
[SourceDate "2012.06.22"]
[SourceVersion "1"]
[SourceVersionDate "2012.06.22"]
[SourceQuality "1"]
[WhiteTeam "Cacak Borac"]
[BlackTeam "Kragujevac Vodovod"]
[WhiteTeamCountry "SRB"]
[BlackTeamCountry "SRB"]

1. c4 e5 2. Nc3 Nc6 3. e4 Bc5 4. d3 d6 5. Nf3 Nge7 6. Be2 0-0 7. 0-0 a6 8. a3 f5 9. exf5 Nxf5 10. Bg5 Qd7 11. Nd5 h6 12. Bd2 Qf7 13. Rc1 Be6 14. Nc3 Rad8 15. b4 Ba7 16. Kh1 Qd7 17. Qe1 Nce7 18. Bd1 Ng6 19. Ne2 b5 20. Ng3 Nxg3+ 21. hxg3 Bf5 22. Bc2 bxc4 23. dxc4 Bxc2 24. Rxc2 Rxf3 25. gxf3 Qh3+ 26. Kg1 Qxg3+ 0-1